00566nam a22001817a 450000500170000001000150001702000260003203500130005803700130007108200080008410000320009224501070012426000320023127000560026330000240031950000380034370000030038120100816141711.0 aENG-100701 c192.00a9788190729482 aEN-84234 bDBAD/PUB a921 aBannerjee, Kanchan Karopady aThe Benegal brothers :cby Kanchan Karopady Bannerjeebthe story of a family and its times 1864-1975 / aPunebAmeya Prakashanc2010 a207, Business Guild, Law College RoadbPunee411004 a150 p. b24cm (Pbk) aInclude bibliographical reference